000 01063nam a2200373 a 4500
003 AR-BaBNM
005 20251128203252.0
008 082120s2002 ||||||||||||||000 | spa||
020 _a950-802-034-2
040 _cAR-BaBNM
245 0 0 _aComercio internacional y medio ambiente
_bderecho, economía y política
250 _a1ª ed.
260 _aBuenos Aires
_bEspacio
_c1995
300 _a414 p.
490 0 _aEcología
500 _aInformación sobre los autores en p. 409
650 4 _aLEGISLACION ECONOMICA
650 4 _aINVESTIGACION ECONOMICA
650 4 _aRECURSOS NATURALES
650 4 _aLEGISLACION
650 4 _aNORMAS INTERNACIONALES
650 4 _aDERECHO AMBIENTAL
650 4 _aTEORIA ECONOMICA
650 4 _aPOLITICA ECONOMICA
650 4 _aSISTEMAS ECONOMICOS INTERNACIONALES
650 4 _aPRECIOS
653 _aGLOBALIZACION
700 1 _aZaelke, Durwood
_eeditor
700 1 _aOrbuch, Paul
_eeditor
700 1 _aHousman, Robert
_eeditor
700 1 _aBec, R. Eugenia
_etraductor
942 _cBK
998 _cMARTIN
999 _c2644
_d2644